000 00751nam0a22002531 4500
001 rc\4653973
005 20250612143150.0
021 _aRU
_b[67-65912]
035 _a(NLR Aleph) 008693028
090 _a9251079
_c9251079
100 _a20130416d1967 |||y0rusy50 ca
101 0 _arus
102 _aRU
105 _ay z |||a|
200 1 _aВосхождение на облака
_eРоман
210 _aКиев
_cРад. письменник
_d1967
215 _a335 с.
_d20
606 _aАвиация СССР
_xИстория (х. л.)
_2psbo
700 1 _aПалийчук
_bБ.Д.
_f1913-
_gБорис Дмитриевич
801 0 _aRU
_bNLR
_gpsbo
801 1 _aRU
_bELAR
_2rusmarc
852 _aNLR
_j67-3/4583
942 _cBOOK
980 _aNB